Information and Communication Technology Third IFIP TC 5/8 International Conference, ICT-EurAsia 2015, and 9th IFIP WG 8.9 Working Conference, CONFENIS 2015, Held as Part of WCC 2015, Daejeon, Korea, October 4-7, 2015, Proceedings /

This book constitutes the refereed proceedings of the Third IFIP TC 5/8 International Conference on Information and Communication Technology, ICT-EurAsia 2015, with the collocation of AsiaARES 2015 as a special track on Availability, Reliability and Security, and the 9th IFIP WG 8.9 Working Conferen...

Full description

Bibliographic Details
Corporate Author: SpringerLink (Online service)
Other Authors: Khalil, Ismail (Editor), Neuhold, Erich (Editor), Tjoa, A Min (Editor), Xu, Li Da (Editor), You, Ilsun (Editor)
Format: Electronic eBook
Language:English
Published: Cham : Springer International Publishing : Imprint: Springer, 2015.
Edition:1st ed. 2015.
Series:Lecture Notes in Computer Science, 9357
Subjects:
Online Access:Full Text via HEAL-Link
LEADER 03386nam a22006375i 4500
001 978-3-319-24315-3
003 DE-He213
005 20151218072250.0
007 cr nn 008mamaa
008 150919s2015 gw | s |||| 0|eng d
020 |a 9783319243153  |9 978-3-319-24315-3 
024 7 |a 10.1007/978-3-319-24315-3  |2 doi 
040 |d GrThAP 
050 4 |a QA76.9.A25 
072 7 |a UR  |2 bicssc 
072 7 |a UTN  |2 bicssc 
072 7 |a COM053000  |2 bisacsh 
082 0 4 |a 005.8  |2 23 
245 1 0 |a Information and Communication Technology  |h [electronic resource] :  |b Third IFIP TC 5/8 International Conference, ICT-EurAsia 2015, and 9th IFIP WG 8.9 Working Conference, CONFENIS 2015, Held as Part of WCC 2015, Daejeon, Korea, October 4-7, 2015, Proceedings /  |c edited by Ismail Khalil, Erich Neuhold, A Min Tjoa, Li Da Xu, Ilsun You. 
250 |a 1st ed. 2015. 
264 1 |a Cham :  |b Springer International Publishing :  |b Imprint: Springer,  |c 2015. 
300 |a XIV, 354 p. 119 illus. in color.  |b online resource. 
336 |a text  |b txt  |2 rdacontent 
337 |a computer  |b c  |2 rdamedia 
338 |a online resource  |b cr  |2 rdacarrier 
347 |a text file  |b PDF  |2 rda 
490 1 |a Lecture Notes in Computer Science,  |x 0302-9743 ;  |v 9357 
520 |a This book constitutes the refereed proceedings of the Third IFIP TC 5/8 International Conference on Information and Communication Technology, ICT-EurAsia 2015, with the collocation of AsiaARES 2015 as a special track on Availability, Reliability and Security, and the 9th IFIP WG 8.9 Working Conference on Research and Practical Issues of Enterprise Information Systems, CONFENIS 2015, held as part of the 23rd IFIP World Computer Congress, WCC 2015, in Daejeon, Korea, in October 2015. The 35 revised full papers presented were carefully reviewed and selected from 84 submissions. The papers have been organized in the following topical sections: networks and systems architecture; teaching and education; authentication and profiling; data management and information advertizing; applied modeling and simulation; network security; dependable systems and applications, multimedia security; cryptography; big data and text mining, and social impact of EIS and visualization. 
650 0 |a Computer science. 
650 0 |a Information technology. 
650 0 |a Business  |x Data processing. 
650 0 |a Computer communication systems. 
650 0 |a Computer security. 
650 0 |a Computers. 
650 0 |a Application software. 
650 0 |a Computers and civilization. 
650 1 4 |a Computer Science. 
650 2 4 |a Systems and Data Security. 
650 2 4 |a Computer Applications. 
650 2 4 |a Information Systems and Communication Service. 
650 2 4 |a Computer Communication Networks. 
650 2 4 |a Computers and Society. 
650 2 4 |a IT in Business. 
700 1 |a Khalil, Ismail.  |e editor. 
700 1 |a Neuhold, Erich.  |e editor. 
700 1 |a Tjoa, A Min.  |e editor. 
700 1 |a Xu, Li Da.  |e editor. 
700 1 |a You, Ilsun.  |e editor. 
710 2 |a SpringerLink (Online service) 
773 0 |t Springer eBooks 
776 0 8 |i Printed edition:  |z 9783319243146 
830 0 |a Lecture Notes in Computer Science,  |x 0302-9743 ;  |v 9357 
856 4 0 |u http://dx.doi.org/10.1007/978-3-319-24315-3  |z Full Text via HEAL-Link 
912 |a ZDB-2-SCS 
912 |a ZDB-2-LNC 
950 |a Computer Science (Springer-11645)